| 000 | 00386nam a2200145 i 4500 | ||
|---|---|---|---|
| 001 | 78202 | ||
| 003 | ES-MaACL | ||
| 007 | t| | ||
| 008 | 041013s1926 gw ||||1| ger d | ||
| 100 | 1 |
_aHartmann, Nicolai. _961993 |
|
| 245 | 1 | 0 |
_aEthik / _cvon Nicolai Hartmann. |
| 260 |
_aBerlin ; _aLeipzig : _bWalter de Grunter, _c1926. |
||
| 300 |
_aXX, 746 ; _c23 cm. |
||
| 852 |
_aES-MaACL _jB-4433 |
||
| 999 |
_c78202 _d78202 |
||